[Event "Jaen-ch"]
[Site "Jaen"]
[Date "2022.02.04"]
[Round "5"]
[White "Castilla Ayllon, Juan"]
[Black "Barruz Serrano, Antonio Angel"]
[Result "0-1"]
[WhiteElo "1631"]
[BlackElo "1963"]
[PlyCount "21"]
[EventDate "2022.02.04"]
[EventType "swiss"]
[EventRounds "7"]
[EventCountry "ESP"]
[SourceTitle "EXT 2023"]
[Source "ChessBase"]
[SourceDate "2022.10.05"]
[SourceVersion "1"]
[SourceVersionDate "2022.10.05"]
[SourceQuality "1"]

1. b3 e5 2. Bb2 Nc6 3. e3 Nf6 4. d3 d5 5. Nd2 Bc5 6. g3 Bf5 7. Bg2 Qd7 8. h3 h5 9. a3 Bb6 10. b4 a6 11. Nb3 0-1

[Event "Gibraltar Masters"]
[Site "Gibraltar"]
[Date "2006.01.26"]
[Round "3"]
[White "Sbia, Bachir"]
[Black "Castilla Ayllon, Juan"]
[Result "1/2-1/2"]
[WhiteElo "1989"]
[BlackElo "2012"]
[PlyCount "120"]
[EventDate "2006.01.24"]
[EventType "swiss"]
[EventRounds "10"]
[EventCountry "ENG"]
[SourceTitle "CBM 110 Extra"]
[Source "ChessBase"]
[SourceDate "2006.03.10"]
[SourceVersion "2"]
[SourceVersionDate "2006.03.10"]
[SourceQuality "1"]

1. e4 e5 2. Nc3 Nf6 3. f4 Nc6 4. fxe5 Nxe5 5. d4 Ng6 6. e5 Ng8 7. Nf3 d5 8. Bd3 Be6 9. 0-0 Be7 10. Qe2 Nh6 11. Bd2 Nf5 12. Bxf5 Bxf5 13. Qb5+ c6 14. Qxb7 Qc8 15. Qxc8+ Rxc8 16. Ne1 Be6 17. Nd3 c5 18. dxc5 Bxc5+ 19. Nxc5 Rxc5 20. Be3 Rc4 21. Bxa7 Nxe5 22. Rad1 Nc6 23. Bf2 d4 24. Nb5 Rxc2 25. Nxd4 Nxd4 26. Bxd4 Bxa2 27. Ra1 Bd5 28. Rae1+ Kd7 29. Rf2 Rhc8 30. Bc3 Rxf2 31. Kxf2 g6 32. Rd1 Kc6 33. g3 Be6 34. Ke3 Re8 35. Kf4 h6 36. h4 h5 37. Be5 Kb5 38. Rd4 Rc8 39. Kg5 Rc2 40. Rd6 Rc6 41. Rd8 Rc2 42. Rb8+ Kc6 43. b4 Rf2 44. b5+ Kc5 45. Bf4 Rf3 46. b6 Kc6 47. Kh6 Rb3 48. Bc7 Rb1 49. Rd8 Re1 50. Kg5 Bb3 51. Bf4 Be6 52. Rb8 Re2 53. b7 Kb6 54. Kf6 Re4 55. Be5 Ka7 56. Re8 Kxb7 57. Rxe6 fxe6 58. Kxe6 Rg4 59. Bf4 Kc6 60. Be5 Kc5 1/2-1/2

[Event "Gibraltar Masters"]
[Site "Gibraltar"]
[Date "2006.01.24"]
[Round "1"]
[White "Gilbert, Jessie"]
[Black "Castilla Ayllon, Juan"]
[Result "1-0"]
[WhiteElo "2098"]
[BlackElo "2012"]
[PlyCount "57"]
[EventDate "2006.01.24"]
[EventType "swiss"]
[EventRounds "10"]
[EventCountry "ENG"]
[SourceTitle "CBM 110 Extra"]
[Source "ChessBase"]
[SourceDate "2006.03.10"]
[SourceVersion "2"]
[SourceVersionDate "2006.03.10"]
[SourceQuality "1"]

1. d4 Nf6 2. c4 e6 3. Nf3 d5 4. Nc3 c5 5. cxd5 exd5 6. g3 Nc6 7. Bg2 Be6 8. 0-0 Be7 9. b3 0-0 10. dxc5 Bxc5 11. Bb2 Qe7 12. Nb5 Rac8 13. Nbd4 Ne4 14. e3 Bg4 15. h3 Bxf3 16. Nxf3 Rfd8 17. Nd4 Qg5 18. h4 Qg6 19. Rc1 Ne5 20. Ne2 Qh5 21. Nf4 Qxd1 22. Rfxd1 Nxf2 23. Kxf2 Ng4+ 24. Kf3 Nxe3 25. Rxc5 Nxg2 26. Rxc8 Nxh4+ 27. gxh4 Rxc8 28. Nxd5 f6 29. Ne7+ 1-0

[Event "Mancha Real op"]
[Site "Mancha Real"]
[Date "2001.??.??"]
[Round "1"]
[White "Manzaneda Avila, Pedro"]
[Black "Castilla Ayllon, Juan"]
[Result "1-0"]
[WhiteElo "2099"]
[BlackElo "2012"]
[PlyCount "87"]
[EventDate "2001.??.??"]
[EventType "swiss"]
[EventRounds "9"]
[EventCountry "ESP"]
[SourceTitle "EXT 2002"]
[Source "ChessBase"]
[SourceDate "2001.11.25"]
[SourceVersion "1"]
[SourceVersionDate "2001.11.25"]
[SourceQuality "1"]

1. e4 e5 2. Nf3 Nc6 3. d4 exd4 4. c3 d3 5. Bxd3 Bc5 6. 0-0 Nge7 7. Bg5 0-0 8. Nbd2 f6 9. Bh4 d6 10. Nb3 Bb6 11. Bc4+ Kh8 12. Nfd4 Nxd4 13. Nxd4 Bxd4 14. Qxd4 Ng6 15. Bg3 Ne5 16. Bb3 Qe7 17. Rfe1 Be6 18. Bd5 Bxd5 19. exd5 Qf7 20. f4 Ng6 21. Re6 Rfe8 22. Rae1 Nf8 23. R6e3 b6 24. c4 Rxe3 25. Qxe3 Rd8 26. b4 a6 27. a4 Qd7 28. Qe7 Qxe7 29. Rxe7 Nd7 30. f5 Kg8 31. Bf4 Kf8 32. Re6 Kf7 33. g4 h6 34. h4 Ne5 35. Bxe5 fxe5 36. Kf2 a5 37. b5 Rf8 38. Ke3 Re8 39. Ke4 Rxe6 40. dxe6+ Ke7 41. Kd5 Kf6 42. g5+ Ke7 43. f6+ gxf6 44. gxh6 1-0

[Event "Mancha Real-B 2nd"]
[Site "Mancha Real"]
[Date "1999.??.??"]
[Round "5"]
[White "Castilla Ayllon, Juan"]
[Black "Adla, Diego Gustavo"]
[Result "0-1"]
[WhiteElo "2010"]
[BlackElo "2470"]
[PlyCount "40"]
[EventDate "1999.??.??"]
[EventType "tourn"]
[EventRounds "9"]
[EventCountry "ESP"]
[EventCategory "1"]
[SourceTitle "EXT 2000"]
[Source "ChessBase"]
[SourceDate "1999.11.16"]
[SourceVersion "1"]
[SourceVersionDate "1999.11.16"]
[SourceQuality "1"]

1. c4 g6 2. Nf3 Bg7 3. d4 c5 4. e3 Nf6 5. Nc3 0-0 6. Be2 cxd4 7. Nxd4 Nc6 8. 0-0 d6 9. b3 Bd7 10. Bb2 a6 11. Bf3 Rb8 12. g3 h5 13. h4 Ne5 14. Bg2 b5 15. cxb5 axb5 16. Qe2 b4 17. Ne4 Nxe4 18. Bxe4 Qa5 19. Qd2 Qb6 20. Rac1 Qa6 0-1

[Event "Mancha Real-B 2nd"]
[Site "Mancha Real"]
[Date "1999.??.??"]
[Round "3"]
[White "Castilla Ayllon, Juan"]
[Black "Del Rey, Diego"]
[Result "0-1"]
[WhiteElo "2010"]
[BlackElo "2365"]
[PlyCount "66"]
[EventDate "1999.??.??"]
[EventType "tourn"]
[EventRounds "9"]
[EventCountry "ESP"]
[EventCategory "1"]
[SourceTitle "EXT 2000"]
[Source "ChessBase"]
[SourceDate "1999.11.16"]
[SourceVersion "1"]
[SourceVersionDate "1999.11.16"]
[SourceQuality "1"]

1. c4 g6 2. g3 Bg7 3. Bg2 Nf6 4. Nf3 0-0 5. 0-0 d6 6. d3 e5 7. Nc3 h6 8. Bd2 Re8 9. Qc1 Kh7 10. Re1 a5 11. a3 c6 12. b4 axb4 13. axb4 d5 14. cxd5 cxd5 15. d4 e4 16. Ne5 Be6 17. e3 Nbd7 18. Nxd7 Qxd7 19. Rd1 Bh3 20. Qb2 Bxg2 21. Kxg2 h5 22. h4 Qf5 23. Rxa8 Rxa8 24. Ra1 Rc8 25. Ra5 Bh6 26. Qc1 g5 27. hxg5 Bxg5 28. Qd1 h4 29. f4 exf3+ 30. Qxf3 h3+ 31. Kf2 Qd3 32. Rxd5 Qxd2+ 33. Ne2 Qxe3+ 0-1

[Event "Mancha Real-B 2nd"]
[Site "Mancha Real"]
[Date "1999.??.??"]
[Round "6"]
[White "Castilla Ayllon, Juan"]
[Black "Vera Gonzalez Quevedo, Reynaldo"]
[Result "0-1"]
[WhiteElo "2010"]
[BlackElo "2535"]
[PlyCount "52"]
[EventDate "1999.??.??"]
[EventType "tourn"]
[EventRounds "9"]
[EventCountry "ESP"]
[EventCategory "1"]
[SourceTitle "EXT 2000"]
[Source "ChessBase"]
[SourceDate "1999.11.16"]
[SourceVersion "1"]
[SourceVersionDate "1999.11.16"]
[SourceQuality "1"]

1. c4 b6 2. b4 Bb7 3. Bb2 e6 4. a3 f5 5. e3 Nf6 6. Nf3 Be7 7. Be2 0-0 8. 0-0 Qe8 9. Nc3 d6 10. d4 Ne4 11. Qb3 Nd7 12. Rfd1 Ndf6 13. Nb5 Bd8 14. a4 Ng4 15. Rf1 a6 16. Nc3 a5 17. bxa5 Rxa5 18. Nb5 Qh5 19. Qd1 Ng5 20. h4 Nxf3+ 21. Bxf3 Qxh4 22. Bxg4 fxg4 23. d5 Rf5 24. g3 Qh3 25. Qd4 Bf6 26. Qe4 Rh5 0-1

[Event "Mancha Real-B 2nd"]
[Site "Mancha Real"]
[Date "1999.??.??"]
[Round "2"]
[White "Galego, Luis"]
[Black "Castilla Ayllon, Juan"]
[Result "1-0"]
[WhiteElo "2425"]
[BlackElo "2010"]
[PlyCount "71"]
[EventDate "1999.??.??"]
[EventType "tourn"]
[EventRounds "9"]
[EventCountry "ESP"]
[EventCategory "1"]
[SourceTitle "EXT 2000"]
[Source "ChessBase"]
[SourceDate "1999.11.16"]
[SourceVersion "1"]
[SourceVersionDate "1999.11.16"]
[SourceQuality "1"]

1. e4 c5 2. Nf3 d6 3. c3 Nf6 4. Bd3 Nc6 5. h3 g6 6. 0-0 Bg7 7. Be2 0-0 8. Re1 b6 9. a3 Bb7 10. d4 Rc8 11. d5 Nb8 12. c4 Nbd7 13. Nc3 a6 14. Bf4 Nh5 15. Bh2 Ne5 16. Nd2 Bh6 17. Rf1 Bxd2 18. Bxe5 dxe5 19. Qxd2 Qd6 20. a4 a5 21. Rae1 Rcd8 22. Bd1 Ng7 23. Qh6 Ba6 24. b3 Bc8 25. f4 exf4 26. e5 Qb8 27. Qxf4 f5 28. h4 Bd7 29. h5 gxh5 30. Qg5 Be8 31. Qxe7 Bg6 32. Qg5 Rde8 33. e6 f4 34. Qe5 Qxe5 35. Rxe5 Nf5 36. Rxf4 1-0